[Event "DVM U16 2019"]
[Site "Magedburg"]
[Date "2019.12.29"]
[Round "5"]
[White "Ponomarev, Maximilian"]
[Black "Hundrieser, Malte"]
[Result "1/2-1/2"]
[WhiteElo "2046"]
[BlackElo "2003"]
[Annotator "NA"]
[PlyCount "90"]
[EventDate "2019.12.27"]
[EventType "team-tourn"]
[EventRounds "7"]
[EventCountry "GER"]
[SourceTitle "playchess.com"]
[Source "ChessBase"]
[SourceQuality "1"]
[WhiteTeam "SK München Südost"]
[BlackTeam "Reideburger SV 90 Halle"]
[WhiteTeamCountry "GER"]
[BlackTeamCountry "GER"]
[TimeControl "40/5400+30:1800+30"]

1. e4 {[%emt 0:00:00]} c5 {[%emt 0:00:00]} 2. Nf3 {[%emt 0:00:00]} Nc6 {[%emt 0:00:00]} 3. d4 {[%emt 0:00:00]} cxd4 {[%emt 0:00:00]} 4. Nxd4 {[%emt 0:00:00]} g6 {[%emt 0:00:00]} 5. c4 {[%emt 0:00:16]} d6 {[%emt 0:00:26]} 6. Be3 {[%emt 0:01:12]} Nf6 {[%emt 0:00:38] unterminated} 7. f3 {[%emt 0:01:01] unterminated} Bg7 {[%emt 0:04:13]} 8. Nc3 {[%emt 0:00:46] unterminated} O-O {[%emt 0:00:25]} 9. Be2 {[%emt 0:00:33] unterminated} Nxd4 {[%emt 0:06:17] unterminated} 10. Bxd4 {[%emt 0:00:33] unterminated} Be6 {[%emt 0:02:24] unterminated} 11. O-O {[%emt 0:00:56]} Nd7 {[%emt 0:04:18] B38: Sicilian: Maroczy Bind with 5...Bg7 and 7...0-0} (11... Qa5 12. Rc1 Rfc8 13. b3 a6 14. f4 b5 15. f5 Bd7 16. Bxf6 Bxf6 17. Nd5 Bg5 18. Rc3 e6 19. Rg3 Bh4 20. Rg4 {1-0 (30) Efimenko,Z (2651)-Korobov,A (2692) Rivne 2016}) 12. Bxg7 {[%emt 0:00:14]} Kxg7 {[%emt 0:00:06]} 13. Kh1 {[%emt 0:00:05] unterminated} Qb6 {[%emt 0:07:04] unterminated} 14. Qd2 {[%emt 0:05:16] unterminated} Rac8 {[%emt 0:03:16]} 15. b3 {[%emt 0:00:49] unterminated} Kg8 {[%emt 0:01:59]} 16. f4 {[%emt 0:01:06] unterminated} f5 $146 {[%emt 0:06:42] unterminated} ({Predecessor:} 16... f6 17. Rae1 Rf7 18. f5 gxf5 19. exf5 Bxf5 20. Rxf5 {1-0 (45) Babazade,J (2033)-Hatzis Bakratsas,A (1556) Thessaloniki 2010}) 17. exf5 {[%emt 0:10:56] unterminated} Bxf5 {[%emt 0:02:04] unterminated} 18. Nd5 {[%emt 0:02:24]} Qd8 {[%emt 0:00:24]} 19. Bd3 {[%emt 0:00:10] unterminated} e6 {[%emt 0:08:35] unterminated} 20. Bxf5 {[%emt 0:09:15] unterminated} gxf5 {[%emt 0:00:18] unterminated} 21. Nc3 {[%emt 0:00:30]} Nf6 {[%emt 0:01:26] unterminated} 22. Rae1 {[%emt 0:04:13] unterminated} Qd7 {[%emt 0:04:39] unterminated} 23. Qe3 {[%emt 0:03:43] unterminated} Kf7 {[%emt 0:11:53] unterminated} 24. Nb5 {[%emt 0:03:36] unterminated} a6 {[%emt 0:02:26]} 25. Nd4 {unterminated} Rce8 {[%emt 0:02:41]} 26. Nf3 {[%emt 0:00:47] unterminated} Ne4 $14 {[%emt 0:04:11]} 27. Re2 {[%emt 0:14:33]} Kg8 {[%emt 0:04:20]} 28. Nd2 {[%emt 0:04:23]} Nf6 {[%emt 0:07:03]} 29. Rfe1 {[%emt 0:04:18]} h6 {[%emt 0:03:33]} 30. Qg3+ {[%emt 0:08:23]} Kh7 {[%emt 0:01:11]} 31. Qh4 {[%emt 0:00:21]} Ng8 {[%emt 0:03:53]} 32. Nf3 {[%emt 0:00:14]} Rf6 {[%emt 0:00:37]} 33. Nd4 {[%emt 0:02:15]} Re7 {[%emt 0:04:36]} 34. Nf3 {[%emt 0:01:45]} Rg6 {[%emt 0:01:06]} 35. h3 {[%emt 0:00:50]} Nf6 {[%emt 0:02:43]} 36. Kh2 {[%emt 0:03:54]} Kg7 {[%emt 0:00:28]} 37. Rd1 {[%emt 0:01:48]} Qc7 {[%emt 0:00:37]} 38. Qf2 {[%emt 0:03:44]} Ne4 {[%emt 0:01:41]} 39. Qe3 {[%emt 0:05:40]} Rf6 {[%emt 0:00:43]} 40. Nd2 {[%emt 0:02:56]} Nxd2 {[%emt 0:00:19]} 41. Rdxd2 {[%emt 0:30:51]} e5 {[%emt 0:01:40]} 42. Rd5 {[%emt 0:00:00]} e4 {[%emt 0:02:11]} 43. Qd4 {[%emt 0:00:00]} Kf7 {[%emt 0:06:24]} 44. Kg1 {[%emt 0:00:00]} Qc6 {[%emt 0:03:28]} 45. Rd2 {[%emt 0:00:00]} Ree6 {[%emt 0:00:50] normal} 1/2-1/2

[Event "DVM U16 2019"]
[Site "Magedburg"]
[Date "2019.12.29"]
[Round "5"]
[White "Biermann, Florian"]
[Black "Pivtorak, Illia"]
[Result "1-0"]
[WhiteElo "2044"]
[BlackElo "1491"]
[Annotator "NA"]
[PlyCount "59"]
[EventDate "2019.12.27"]
[EventType "team-tourn"]
[EventRounds "7"]
[EventCountry "GER"]
[SourceTitle "playchess.com"]
[Source "ChessBase"]
[SourceQuality "1"]
[WhiteTeam "SG Bochum"]
[BlackTeam "SK König Plauen"]
[WhiteTeamCountry "GER"]
[TimeControl "40/5400+30:1800+30"]

1. Nf3 Nf6 2. c4 g6 3. g3 Bg7 4. Bg2 d6 5. Nc3 O-O 6. O-O e5 7. d4 Nc6 8. dxe5 dxe5 9. Bg5 Be6 10. Qa4 Qe8 11. Rfd1 h6 12. Be3 Nd7 13. Nd5 Rc8 14. Rac1 e4 15. Nd4 Nxd4 16. Bxd4 f5 17. Bxg7 Kxg7 18. Qxa7 c6 19. Nf4 Rc7 20. Rd6 Bf7 21. Qd4+ Kh7 22. Rd1 Ne5 23. b3 c5 24. Qc3 Rc6 25. Ne6 Rxd6 26. Rxd6 Bxe6 27. Qxe5 Bd7 28. Qxc5 Bc6 29. e3 Qe7 30. Rxc6 {normal} 1-0

[Event "DVM U16 2019"]
[Site "Magedburg"]
[Date "2019.12.29"]
[Round "5"]
[White "Lohvinov, Petro"]
[Black "Dietz, Florian"]
[Result "0-1"]
[WhiteElo "2032"]
[BlackElo "2116"]
[Annotator "ChessBase"]
[PlyCount "69"]
[EventDate "2019.12.27"]
[EventType "team-tourn"]
[EventRounds "7"]
[EventCountry "GER"]
[SourceTitle "playchess.com"]
[Source "ChessBase"]
[SourceQuality "1"]
[WhiteTeam "SK München Südost"]
[BlackTeam "Reideburger SV 90 Halle"]
[WhiteTeamCountry "UKR"]
[BlackTeamCountry "GER"]
[TimeControl "40/5400+30:1800+30"]

1. e4 {[%emt 0:00:00]} c5 {[%emt 0:00:00]} 2. Nf3 {[%emt 0:00:00]} e6 {[%emt 0:00:00]} 3. d3 {[%emt 0:00:06]} d5 {[%emt 0:02:32]} 4. Nbd2 {[%emt 0:00:19]} Nc6 {[%emt 0:01:23]} 5. g3 {[%emt 0:00:06]} Nf6 {[%emt 0:01:32]} 6. Bg2 {[%emt 0:00:06]} Be7 {[%emt 0:04:58]} 7. O-O {[%emt 0:00:09]} e5 {[%emt 0:00:29]} 8. Re1 {[%emt 0:25:33]} d4 {[%emt 0:01:52]} 9. Rf1 {[%emt 0:02:00]} Qc7 {[%emt 0:07:12]} 10. Ne1 {[%emt 0:04:13]} g5 {[%emt 0:02:04]} 11. c3 {[%emt 0:09:54]} Be6 {[%emt 0:03:58]} 12. Ndf3 {[%emt 0:06:29]} h6 {[%emt 0:01:06]} 13. h4 {[%emt 0:00:51]} Ng4 {[%emt 0:09:41]} 14. Bh3 {[%emt 0:11:16]} gxh4 {[%emt 0:05:45]} 15. Nxh4 {[%emt 0:00:11]} Nxf2 {[%emt 0:00:58]} 16. Rxf2 {[%emt 0:00:06]} Bxh3 {[%emt 0:00:03]} 17. Nf5 {[%emt 0:07:15]} Bxf5 {[%emt 0:01:40]} 18. Rxf5 {[%emt 0:00:01]} Rg8 {[%emt 0:00:30]} 19. Kf2 {[%emt 0:02:15]} Qd6 {[%emt 0:10:21]} 20. c4 {[%emt 0:02:28]} Qg6 {[%emt 0:08:36]} 21. Qf3 {[%emt 0:00:00]} Rg7 {[%emt 0:00:53]} 22. Bd2 {[%emt 0:01:11]} O-O-O {[%emt 0:00:27]} 23. Rh5 {[%emt 0:04:38]} Rdg8 {[%emt 0:04:28]} 24. Rh3 {[%emt 0:00:00]} Bg5 {[%emt 0:01:02]} 25. Rd1 {[%emt 0:04:44]} Rh7 {[%emt 0:08:49]} 26. Ng2 {[%emt 0:01:27]} Qe6 {[%emt 0:06:12]} 27. Rh5 {[%emt 0:06:53]} Rhg7 {[%emt 0:03:59]} 28. Bxg5 {[%emt 0:01:34]} Rxg5 {[%emt 0:00:11]} 29. Rxg5 {[%emt 0:00:16]} Rxg5 {[%emt 0:00:09]} 30. Nh4 {[%emt 0:00:53]} Ne7 {[%emt 0:00:52]} 31. Kg2 {[%emt 0:03:50]} f5 {[%emt 0:07:14]} 32. exf5 {[%emt 0:00:01]} Nxf5 {[%emt 0:00:09]} 33. Nxf5 {[%emt 0:00:02]} Rxf5 {[%emt 0:00:06]} 34. Qe4 {[%emt 0:02:28]} Rh5 {[%emt 0:02:43] normal} 35. Rh1 {[%emt 0:03:06] normal} 0-1

[Event "DVM U16 2019"]
[Site "Magedburg"]
[Date "2019.12.29"]
[Round "5"]
[White "Henning, Marvin"]
[Black "Costa, Leonardo"]
[Result "1/2-1/2"]
[WhiteElo "1972"]
[BlackElo "2048"]
[Annotator "NA"]
[PlyCount "92"]
[EventDate "2019.12.27"]
[EventType "team-tourn"]
[EventRounds "7"]
[EventCountry "GER"]
[SourceTitle "playchess.com"]
[Source "ChessBase"]
[SourceQuality "1"]
[WhiteTeam "Reideburger SV 90 Halle"]
[BlackTeam "SK München Südost"]
[WhiteTeamCountry "GER"]
[BlackTeamCountry "GER"]
[TimeControl "40/5400+30:1800+30"]

1. e4 {[%emt 0:00:00]} e5 {[%emt 0:00:00]} 2. Nf3 {[%emt 0:00:00]} Nc6 {[%emt 0:00:00]} 3. Bb5 {[%emt 0:00:00]} a6 {[%emt 0:00:00]} 4. Ba4 {[%emt 0:00:00]} Nf6 {[%emt 0:00:00]} 5. O-O {[%emt 0:00:00]} b5 {[%emt 0:00:00]} 6. Bb3 {[%emt 0:00:00]} Bc5 {[%emt 0:00:00]} 7. Nc3 {[%emt 0:00:33]} d6 {[%emt 0:02:28]} 8. Nd5 {[%emt 0:00:21]} h6 {[%emt 0:11:51]} 9. c3 {[%emt 0:02:24]} O-O {[%emt 0:06:28]} 10. d4 {[%emt 0:02:03]} Ba7 {[%emt 0:02:08]} 11. Nxf6+ {[%emt 0:05:30]} Qxf6 {[%emt 0:00:30]} 12. Bd5 {[%emt 0:00:12]} Bb7 {[%emt 0:05:59]} 13. a4 {[%emt 0:00:26]} Rfb8 {[%emt 0:07:38]} 14. axb5 {[%emt 0:01:38]} axb5 {[%emt 0:01:44]} 15. Be3 {[%emt 0:08:49]} exd4 {[%emt 0:21:22]} 16. cxd4 {[%emt 0:09:00]} Bb6 {[%emt 0:04:46]} 17. Rxa8 {[%emt 0:07:16]} Bxa8 {[%emt 0:01:11]} 18. Qd2 {[%emt 0:21:54]} Ne7 {[%emt 0:05:49]} 19. Bxa8 {[%emt 0:00:27]} Rxa8 {[%emt 0:00:03]} 20. Qd3 {[%emt 0:00:20]} c6 {[%emt 0:01:10]} 21. Rc1 {[%emt 0:02:05]} Qg6 {[%emt 0:02:02]} 22. Nh4 {[%emt 0:05:13]} Qf6 {[%emt 0:03:06]} 23. Nf3 {[%emt 0:01:03]} Ra2 {[%emt 0:02:18]} 24. Qb1 {[%emt 0:01:13]} Ra6 {[%emt 0:02:27]} 25. h3 {[%emt 0:00:52]} Qe6 {[%emt 0:00:28]} 26. Qd3 {[%emt 0:04:08]} Qa2 {[%emt 0:00:35]} 27. e5 {[%emt 0:06:47]} d5 {[%emt 0:05:03]} 28. b3 {[%emt 0:04:53]} Ra3 {[%emt 0:00:47]} 29. Rb1 {[%emt 0:00:20]} Ra7 {[%emt 0:02:49]} 30. Rc1 {[%emt 0:00:34]} Qa6 {[%emt 0:00:24]} 31. Bd2 {[%emt 0:00:37]} Qb7 {[%emt 0:00:06]} 32. Bb4 {[%emt 0:00:17]} Bd8 {[%emt 0:02:25]} 33. Qc2 {[%emt 0:00:20]} Ra6 {[%emt 0:00:06]} 34. Ne1 {[%emt 0:01:52]} Nc8 {[%emt 0:01:49]} 35. Nd3 {[%emt 0:00:15]} Qa8 {[%emt 0:00:56]} 36. Qd1 {[%emt 0:00:27]} Ne7 {[%emt 0:02:57]} 37. Kh2 {[%emt 0:02:26]} Qc8 {[%emt 0:01:17]} 38. g4 {[%emt 0:01:53]} Ra2 {[%emt 0:01:59]} 39. Rc2 {[%emt 0:00:54]} Qa8 40. Nf4 {[%emt 0:08:33]} Rxc2 {[%emt 0:04:18]} 41. Qxc2 {[%emt 0:30:01]} Qa1 {[%emt 0:30:27]} 42. Bxe7 {[%emt 0:00:40]} Bxe7 {[%emt 0:00:04]} 43. e6 {[%emt 0:04:02]} fxe6 {[%emt 0:00:00]} 44. Qxc6 {[%emt 0:00:00]} Qe1 {[%emt 0:00:00]} 45. Qxe6+ {[%emt 0:00:00]} Qxe6 {[%emt 0:00:00]} 46. Nxe6 {[%emt 0:00:00]} Kf7 {[%emt 0:00:00] normal} 1/2-1/2

[Event "DVM U16 2019"]
[Site "Magedburg"]
[Date "2019.12.29"]
[Round "5"]
[White "Prieb, Robert"]
[Black "Melitzki, Richard"]
[Result "1-0"]
[WhiteElo "1963"]
[BlackElo "1403"]
[Annotator "NA"]
[PlyCount "87"]
[EventDate "2019.12.27"]
[EventType "team-tourn"]
[EventRounds "7"]
[EventCountry "GER"]
[SourceTitle "playchess.com"]
[Source "ChessBase"]
[SourceQuality "1"]
[WhiteTeam "SG Bochum"]
[BlackTeam "SK König Plauen"]
[WhiteTeamCountry "GER"]
[BlackTeamCountry "GER"]
[TimeControl "40/5400+30:1800+30"]

1. d4 {[%emt 0:00:00]} d5 {[%emt 0:00:00]} 2. c4 {[%emt 0:00:00]} e6 {[%emt 0:00:00]} 3. Nc3 {[%emt 0:00:00]} Nf6 {[%emt 0:00:11]} 4. Nf3 {[%emt 0:00:03]} c6 {[%emt 0:03:20]} 5. e3 {[%emt 0:00:18]} Bd6 {[%emt 0:01:43]} 6. Qc2 {[%emt 0:00:33]} O-O {[%emt 0:01:39]} 7. b3 {[%emt 0:00:34]} a6 {[%emt 0:02:14]} 8. Bd3 {[%emt 0:01:18]} b5 {[%emt 0:00:31]} 9. c5 {[%emt 0:07:24]} Bc7 {[%emt 0:04:56]} 10. Bb2 {[%emt 0:03:47]} a5 {[%emt 0:04:39]} 11. a3 {[%emt 0:01:33]} Na6 {[%emt 0:04:06]} 12. Ne2 {[%emt 0:01:56]} Re8 {[%emt 0:06:01]} 13. O-O-O {[%emt 0:07:53]} Bd7 {[%emt 0:07:52]} 14. Rdg1 {[%emt 0:05:55]} Ng4 {[%emt 0:05:33]} 15. Ng3 {[%emt 0:05:06]} f5 {[%emt 0:01:36]} 16. Nf1 {[%emt 0:05:31]} Nf6 {[%emt 0:00:58]} 17. h3 {[%emt 0:05:40]} Ne4 {[%emt 0:04:09]} 18. g4 {[%emt 0:06:14]} Qe7 {[%emt 0:04:16]} 19. Ne1 {[%emt 0:06:59]} Rf8 {[%emt 0:27:34]} 20. f3 {[%emt 0:06:44]} Ng5 {[%emt 0:00:36]} 21. h4 {[%emt 0:01:59]} Nf7 {[%emt 0:01:06]} 22. gxf5 {[%emt 0:01:13]} exf5 {[%emt 0:00:18]} 23. Bxf5 {[%emt 0:00:19]} Bxf5 {[%emt 0:00:35]} 24. Qxf5 {[%emt 0:00:03]} Rae8 {[%emt 0:01:44]} 25. Qg4 {[%emt 0:03:51]} Nh6 {[%emt 0:00:42]} 26. Qg5 {[%emt 0:01:19]} Qxg5 {[%emt 0:00:41]} 27. hxg5 {[%emt 0:02:28]} Nf5 {[%emt 0:00:18]} 28. Kd2 {[%emt 0:01:20]} Nb8 {[%emt 0:01:33]} 29. Kd3 {[%emt 0:03:56]} Nd7 {[%emt 0:03:55]} 30. e4 {[%emt 0:04:24]} dxe4+ {[%emt 0:02:15]} 31. fxe4 {[%emt 0:00:37]} Rf7 {[%emt 0:00:58]} 32. Nc2 {[%emt 0:07:16]} Ne7 {[%emt 0:00:29]} 33. Nfe3 {[%emt 0:01:58]} Rf3 {[%emt 0:00:39]} 34. Rf1 {[%emt 0:01:11]} Rg3 {[%emt 0:00:13]} 35. Rhg1 {[%emt 0:00:55]} Rh3 {[%emt 0:01:35]} 36. b4 {[%emt 0:01:44]} a4 {[%emt 0:00:17]} 37. Rf2 {[%emt 0:01:37]} Ng6 {[%emt 0:00:46]} 38. Rgf1 {[%emt 0:00:36]} Rd8 {[%emt 0:01:28]} 39. Ke2 {[%emt 0:01:09]} Rg3 {[%emt 0:01:47]} 40. Rf7 {[%emt 0:03:05]} Rxg5 {[%emt 0:00:38]} 41. d5 {[%emt 0:30:46]} Be5 {[%emt 0:32:28]} 42. dxc6 {[%emt 0:00:00]} Bxb2 {[%emt 0:00:00]} 43. c7 {[%emt 0:00:00]} Rc8 {[%emt 0:00:00]} 44. Rxd7 {[%emt 0:00:00] normal} 1-0

[Event "DVM U16 2019"]
[Site "Magedburg"]
[Date "2019.12.29"]
[Round "5"]
[White "Wang, Ruiming"]
[Black "Grabbel, Lennart Christian"]
[Result "0-1"]
[WhiteElo "1808"]
[BlackElo "1849"]
[Annotator "NA"]
[PlyCount "78"]
[EventDate "2019.12.27"]
[EventType "team-tourn"]
[EventRounds "7"]
[EventCountry "GER"]
[SourceTitle "playchess.com"]
[Source "ChessBase"]
[SourceQuality "1"]
[WhiteTeam "SG Leipzig"]
[BlackTeam "Hamburger SK"]
[WhiteTeamCountry "GER"]
[BlackTeamCountry "GER"]
[TimeControl "40/5400+30:1800+30"]

1. e4 {[%emt 0:00:00]} e5 {[%emt 0:00:00]} 2. Nf3 {[%emt 0:00:00]} Nc6 {[%emt 0:00:00]} 3. d4 {[%emt 0:00:00]} exd4 {[%emt 0:00:00]} 4. Bc4 {[%emt 0:00:00]} Bc5 {[%emt 0:00:00]} 5. c3 {[%emt 0:00:00]} Nf6 {[%emt 0:00:00]} 6. e5 {[%emt 0:00:00]} d5 {[%emt 0:00:00]} 7. Bb5 {[%emt 0:00:03]} Ne4 {[%emt 0:00:01]} 8. cxd4 {[%emt 0:00:06]} Bb4+ {[%emt 0:00:07]} 9. Bd2 {[%emt 0:00:06]} Nxd2 {[%emt 0:00:07]} 10. Nbxd2 {[%emt 0:00:05]} Bd7 {[%emt 0:00:06] unterminated} 11. Be2 {[%emt 0:10:12]} O-O {[%emt 0:01:25]} 12. O-O {[%emt 0:00:20] unterminated} Bg4 $14 {[%emt 0:07:43]} 13. h3 {[%emt 0:04:08]} Bh5 {[%emt 0:00:31]} 14. a3 {[%emt 0:00:48]} Ba5 {[%emt 0:09:04]} 15. b4 {[%emt 0:01:04]} Bb6 {[%emt 0:00:04]} 16. Nb3 {[%emt 0:00:45]} Kh8 {[%emt 0:10:23]} 17. Nc5 {[%emt 0:05:15]} Bxc5 {[%emt 0:00:39]} 18. bxc5 {[%emt 0:00:18]} f6 {[%emt 0:01:10]} 19. Re1 {[%emt 0:03:42]} Qe7 {[%emt 0:07:45]} 20. Qd2 {[%emt 0:04:49]} Rae8 {[%emt 0:04:25]} 21. Rab1 {[%emt 0:06:37]} Bxf3 {[%emt 0:03:20]} 22. Bxf3 {[%emt 0:00:05]} fxe5 {[%emt 0:00:06]} 23. dxe5 {[%emt 0:03:16]} Nxe5 {[%emt 0:00:23]} 24. Bh5 {[%emt 0:05:22]} g6 {[%emt 0:01:56]} 25. f4 {[%emt 0:14:29]} Qxc5+ {[%emt 0:03:07]} 26. Kh2 {[%emt 0:00:18]} Nc4 {[%emt 0:01:22]} 27. Qc3+ {[%emt 0:13:14]} d4 {[%emt 0:00:04]} 28. Qc2 {[%emt 0:01:51]} gxh5 {[%emt 0:00:37]} 29. Rxe8 {[%emt 0:03:22]} Rxe8 {[%emt 0:00:04]} 30. Rxb7 {[%emt 0:02:34]} a5 {[%emt 0:02:21]} 31. Rb1 {[%emt 0:02:54]} Qd5 {[%emt 0:01:02]} 32. Rc1 {[%emt 0:04:12]} Rd8 {[%emt 0:05:04]} 33. Qd3 {[%emt 0:04:12]} Ne3 {[%emt 0:02:11]} 34. Qe2 {[%emt 0:00:59]} Rg8 {[%emt 0:00:57]} 35. g3 {[%emt 0:00:21]} Rb8 {[%emt 0:00:15]} 36. f5 {[%emt 0:04:13]} h4 {[%emt 0:05:07]} 37. gxh4 {[%emt 0:02:09]} Qe5+ {[%emt 0:00:21]} 38. Kh1 {[%emt 0:00:09]} Qe4+ {[%emt 0:00:09]} 39. Kh2 {[%emt 0:00:11]} Rg8 {[%emt 0:00:35] normal} 0-1

[Event "DVM U16 2019"]
[Site "Magedburg"]
[Date "2019.12.29"]
[Round "5"]
[White "Baranyai-Molnar, Adam-Kristof"]
[Black "Grunwald, Jonathan"]
[Result "1-0"]
[WhiteElo "1756"]
[BlackElo "1815"]
[Annotator "NA"]
[PlyCount "139"]
[EventDate "2019.12.27"]
[EventType "team-tourn"]
[EventRounds "7"]
[EventCountry "GER"]
[SourceTitle "playchess.com"]
[Source "ChessBase"]
[SourceQuality "1"]
[WhiteTeam "SF Neuberg"]
[BlackTeam "Biebertaler SF"]
[BlackTeamCountry "GER"]
[TimeControl "40/5400+30:1800+30"]

1. e4 {[%emt 0:00:00]} e5 {[%emt 0:00:00]} 2. Nf3 {[%emt 0:00:00]} Nc6 {[%emt 0:00:00]} 3. Bc4 {[%emt 0:00:00]} Nf6 {[%emt 0:00:00]} 4. Nc3 {[%emt 0:00:00]} Be7 {[%emt 0:00:05]} 5. O-O {[%emt 0:00:37]} d6 {[%emt 0:01:28]} 6. d4 {[%emt 0:06:12]} Bg4 {[%emt 0:02:24]} 7. dxe5 {[%emt 0:00:49]} Nxe5 {[%emt 0:00:36]} 8. Be2 {[%emt 0:00:05]} Bxf3 {[%emt 0:07:52]} 9. Bxf3 {[%emt 0:00:05]} h6 {[%emt 0:00:38]} 10. h4 {[%emt 0:09:12]} Nh7 {[%emt 0:19:48]} 11. Be2 {[%emt 0:00:50]} Bxh4 {[%emt 0:04:10]} 12. f4 {[%emt 0:00:15]} Bg3 {[%emt 0:12:27]} 13. Bg4 {[%emt 0:00:08]} Qh4 {[%emt 0:01:41]} 14. Bh3 {[%emt 0:00:05]} Nc6 {[%emt 0:05:51]} 15. Nd5 {[%emt 0:00:44]} O-O {[%emt 0:01:13]} 16. Nxc7 {[%emt 0:06:34]} Rad8 {[%emt 0:00:30]} 17. Qd3 {[%emt 0:01:34]} Nf6 {[%emt 0:03:19]} 18. Rf3 {[%emt 0:00:55]} Nb4 {[%emt 0:04:54]} 19. Qb3 {[%emt 0:02:07]} Be1 {[%emt 0:03:46]} 20. c3 {[%emt 0:10:21]} Na6 {[%emt 0:05:01]} 21. Nxa6 {[%emt 0:00:54]} bxa6 {[%emt 0:00:07]} 22. Bf5 {[%emt 0:01:30]} Bg3 {[%emt 0:01:24]} 23. Be3 {[%emt 0:08:25]} d5 {[%emt 0:02:56]} 24. e5 {[%emt 0:02:01]} Ne4 {[%emt 0:01:22]} 25. Bh3 {[%emt 0:00:13]} Rd7 {[%emt 0:09:01]} 26. Rd1 {[%emt 0:05:14]} Rfd8 {[%emt 0:00:17]} 27. Kf1 {[%emt 0:03:59]} Kh8 {[%emt 0:05:42]} 28. Ke2 {[%emt 0:01:18]} Qe7 {[%emt 0:01:02]} 29. Bxd7 {[%emt 0:00:36]} Qxd7 {[%emt 0:00:13]} 30. c4 {[%emt 0:01:06]} Bh4 {[%emt 0:00:44]} 31. Rxd5 {[%emt 0:00:20]} Qg4 {[%emt 0:00:23]} 32. Rxd8+ {[%emt 0:00:05]} Bxd8 {[%emt 0:00:05]} 33. Qb8 {[%emt 0:00:58]} Qh4 {[%emt 0:00:30]} 34. g3 {[%emt 0:00:31]} Qe7 {[%emt 0:00:26]} 35. Qxa7 {[%emt 0:00:26]} Qb4 {[%emt 0:00:39]} 36. Qd4 {[%emt 0:00:12]} Ba5 {[%emt 0:00:54]} 37. Bd2 {[%emt 0:01:55]} Nxd2 {[%emt 0:02:31]} 38. Ra3 {[%emt 0:00:15]} Ne4 {[%emt 0:01:39]} 39. Rxa5 {[%emt 0:03:12]} Nxg3+ {[%emt 0:00:26]} 40. Kf3 {[%emt 0:00:06]} Qxa5 {[%emt 0:00:32]} 41. Kxg3 {[%emt 0:30:05]} Qxa2 {[%emt 0:30:30]} 42. Qc3 {[%emt 0:01:51]} Qb1 {[%emt 0:02:54]} 43. c5 {[%emt 0:01:43]} Qg6+ {[%emt 0:00:00]} 44. Kf3 {[%emt 0:00:00]} Qc6+ {[%emt 0:00:00]} 45. Ke3 {[%emt 0:00:00]} h5 {[%emt 0:00:00]} 46. Qd4 {[%emt 0:00:00]} Qg2 {[%emt 0:00:00]} 47. Qd2 {[%emt 0:00:00]} Qg1+ {[%emt 0:00:00]} 48. Qf2 {[%emt 0:00:00]} Qc1+ {[%emt 0:00:00]} 49. Ke4 {[%emt 0:00:00]} Qh1+ {[%emt 0:00:00]} 50. Qf3 {[%emt 0:00:00]} Qb1+ {[%emt 0:00:00]} 51. Kd5 {[%emt 0:00:00]} Qa2+ {[%emt 0:00:00]} 52. b3 {[%emt 0:00:00]} Qd2+ {[%emt 0:00:00]} 53. Kc6 {[%emt 0:00:00]} Qd8 {[%emt 0:00:00]} 54. Kb7 {[%emt 0:00:00]} Qe7+ {[%emt 0:00:00]} 55. Kb6 {[%emt 0:00:00]} Qd8+ {[%emt 0:00:00]} 56. Kxa6 {[%emt 0:00:00]} Qc8+ {[%emt 0:00:00]} 57. Kb5 {[%emt 0:00:00]} Qb8+ {[%emt 0:00:00]} 58. Kc4 {[%emt 0:00:00]} g6 {[%emt 0:00:00]} 59. b4 {[%emt 0:00:00]} Qa7 {[%emt 0:00:00]} 60. Qb3 {[%emt 0:00:00]} Qb7 {[%emt 0:00:00]} 61. Qc2 {[%emt 0:00:00]} Qf3 {[%emt 0:00:00]} 62. Qd2 {[%emt 0:00:00]} Qf1+ {[%emt 0:00:00]} 63. Kb3 {[%emt 0:00:00]} Qf3+ {[%emt 0:00:07]} 64. Kb2 {[%emt 0:00:00]} Qb7 {[%emt 0:00:53]} 65. Qd4 {[%emt 0:00:00]} Qg2+ {[%emt 0:01:04]} 66. Kc3 {[%emt 0:00:00]} Qc6 {[%emt 0:01:27]} 67. e6+ {[%emt 0:00:00]} Kg8 {[%emt 0:00:57]} 68. Qd8+ {[%emt 0:00:00]} Kg7 {[%emt 0:00:18]} 69. e7 {[%emt 0:00:00]} Qf3+ {[%emt 0:00:24]} 70. Qd3 {[%emt 0:00:00] normal} 1-0

[Event "DVM U16 2019"]
[Site "Magedburg"]
[Date "2019.12.29"]
[Round "5"]
[White "Engert, Kiyan"]
[Black "Bethke, Robert"]
[Result "1/2-1/2"]
[WhiteElo "1730"]
[BlackElo "2046"]
[Annotator "NA"]
[PlyCount "99"]
[EventDate "2019.12.27"]
[EventType "team-tourn"]
[EventRounds "7"]
[EventCountry "GER"]
[SourceTitle "playchess.com"]
[Source "ChessBase"]
[SourceQuality "1"]
[WhiteTeam "Biebertaler SF"]
[BlackTeam "SF Neuberg"]
[WhiteTeamCountry "GER"]
[BlackTeamCountry "GER"]
[TimeControl "40/5400+30:1800+30"]

1. d4 d5 2. Nf3 Nf6 3. e3 e6 4. Bd3 b6 5. b3 Bb7 6. Bb2 Nbd7 7. O-O Be7 8. Nbd2 O-O 9. Ne5 c5 10. f4 Ne4 11. c4 f5 12. Ndf3 Ndf6 13. Qe2 Rc8 14. Rac1 Qe8 15. a3 Qh5 16. dxc5 Nxc5 17. Nd4 Nxd3 18. Qxh5 Nxh5 19. Nxd3 dxc4 20. bxc4 Bf6 21. Nxe6 Bxb2 22. Nxb2 Rfe8 23. Nd4 Rxe3 24. Nxf5 Re2 25. Rf2 Rxf2 26. Kxf2 Rd8 27. Rd1 Rxd1 28. Nxd1 Nxf4 29. Nd6 Bxg2 30. Nc8 Bb7 31. Nxa7 Nd3+ 32. Ke3 Ne5 33. Nb2 Ng4+ 34. Kf4 Nxh2 35. Na4 h6 36. Nxb6 g5+ 37. Kg3 Nf1+ 38. Kf2 Nd2 39. Nb5 Nb3 40. Nd7 Kh7 41. Na7 Kg6 42. c5 Na5 43. Nb8 Kf5 44. c6 Bxc6 45. Naxc6 Nxc6 46. Nxc6 Ke6 47. Nb4 Kd6 48. a4 Kc5 49. a5 Kb5 50. a6 {normal} 1/2-1/2